| 000 | 00381nam a2200145Ia 4500 | ||
|---|---|---|---|
| 008 | 230917s9999||||xx |||||||||||||| ||und|| | ||
| 040 |
_e85154 _aMAIN |
||
| 041 | _aEnglish | ||
| 082 | _a342.54 S55I | ||
| 100 | _aSengupta, Pradip Kumar | ||
| 245 | 0 | _aIndia: constitutional dynamics in a changing policy | |
| 260 |
_aAllahabad _bChugh _c1991 |
||
| 300 | _aiii, 403 p. | ||
| 942 | _cBK | ||
| 999 |
_c78233 _d78233 |
||